Asertif dan komunikasi

Bibliographic Details
Main Author: Noraini Ahmad
Corporate Author: Title
Format: Book
Published: Kuala Lumpur : Utusan Publications & Distributors , 2002
Series:Siri motivasi dan kecermerlangan utusan
Subjects:

MARC

LEADER 00000cam a2200000 7i4500
001 0000012087
005 20080124.0
008 071127
020 |a 9676112240 
090 0 0 |a 158.2   |b NOR 
100 0 |a Noraini Ahmad 
245 1 0 |a Asertif dan komunikasi   |c Noraini Ahmad 
260 |a Kuala Lumpur :   |b Utusan Publications & Distributors ,   |c 2002 
440 |a Siri motivasi dan kecermerlangan utusan 
650 0 |a Assertiveness (Psychology) 
650 0 |a Education psychology 
650 0 |a Interpersonal communication 
650 0 |a Malay fiction 
710 0 |a Title 
999 |a 0000910733   |b Book   |c Adult Collection   |e Cawangan Bandar Tenggara 
999 |a 0001004649   |b Book   |c Adult Collection   |e Perbadanan Perpustakaan Awam Johor 
999 |a 0001004650   |b Book   |c Adult Collection   |e Perbadanan Perpustakaan Awam Johor